000 00368nam a22001097a 4500
008 230621b xxu||||| |||| 00| 0 eng d
082 _a328.3
_bRSA
245 _aProcedural Developments in the National Assembly
_bFirst Session -Third Parliament April to December 2004
260 _aSouth Africa
_bParliament of Republic of South Africa
300 _a31p
942 _2ddc
_cBK
999 _c2333
_d2333